Volavérunt /
Guardado en:
| Hovedforfatter: | |
|---|---|
| Format: | Bog |
| Sprog: | spansk |
| Udgivet: |
Barcelona, España :
Planeta,
1980, c1980
|
| Serier: | (Autores Españoles e Hispanoamericanos)
|
| Fag: | |
| Tags: |
Ingen Tags, Vær først til at tagge denne postø!
|
MARC
| LEADER | 00000nam^a2200000^a^4500 | ||
|---|---|---|---|
| 001 | 000322278 | ||
| 005 | 20250521000000.0 | ||
| 009 | 20260310113606.354 | ||
| 020 | |a 84-320-5535-2 | ||
| 037 | |a Acervo Xavier Clavigero | ||
| 041 | |a ESP | ||
| 082 | |a 863. |b LAR | ||
| 100 | |a Larreta, Antonio |e (autor) | ||
| 240 | 1 | 1 | |a [Volavérunt] |
| 245 | 1 | 0 | |a Volavérunt / |c A. Larreta. |
| 264 | 4 | |a Barcelona, España : |b Planeta, |c 1980, c1980 | |
| 300 | |a 261 p. | ||
| 336 | |a texto |b txt |2 rdacontenido | ||
| 337 | |a sin mediación |b n |2 rdamedio | ||
| 338 | |a volumen |b nc |2 rdasoporte | ||
| 440 | 1 | |a (Autores Españoles e Hispanoamericanos) | |
| 561 | |a Ex libris manuscrito de Javier Martínez Rivera | ||
| 649 | |a XX | ||
| 650 | |a Nobles Españoles - |x Biografías | ||
| 650 | |a Pintores Españoles | ||
| 650 | |a Artistas Españoles | ||
| 650 | |a Ministros de Estado Españoles | ||
| 650 | |a Políticos Españoles | ||
| 650 | |a Mujeres Españolas - |x Biografías | ||
| 650 | |a Novela Histórica | ||
| 650 | |a Novela Uruguaya | ||
| 650 | |a Pintura y Literatura | ||
| 650 | |a Literatura e Historia | ||
| 650 | |a Literatura Uruguaya - |y Siglo XX | ||
| 650 | |a Pintura Neoclásica - |z España - |x Historia y Crítica | ||
| 650 | |a Pintura Moderna - |z España - |x Historia y Crítica | ||
| 650 | |a Pintura Española - |x Historia y Crítica | ||
| 650 | |a Arte Neoclásico - |z España - |x Historia y Crítica | ||
| 650 | |a Arte Moderno - |z España - |x Historia y Crítica | ||
| 650 | |a Arte y Política - |z España - |x Historia y Crítica | ||
| 650 | |a Arte y Sociedad - |z España - |x Historia y Crítica | ||
| 650 | |a Arte Español - |x Historia y Crítica | ||
| 650 | |a Conspiración - |z España | ||
| 650 | |a Asesinato Político - |z España | ||
| 650 | |a Política - |z España - |x Historia | ||
| 650 | |a España - |x Historia - |y Carlos IV, 1788-1808 | ||
| 650 | |a España - |x Historia - |y Siglo XIX | ||
| 650 | |a España - |x Historia - |y Borbones, 1700-1931 | ||
| 650 | |a Alba, María del Pilar Teresa Cayetana de Silva y Alvarez de Toledo, Duquesa de - |x Tema Principal | ||
| 650 | |a Godoy, Manuel de | ||
| 600 | |a Goya, Francisco de | ||
| 910 | |a Fondo General | ||
| 920 | |a Impresos - Libros | ||
| 930 | |a Colección General | ||
| 940 | |a Literatura | ||
| 905 | |a 101 | ||
| 901 | |a 067991 |b IT1 |c LIT |u 20250521 | ||
| 902 | |a https://opac.biblio.iteso.mx/vufind/Record/000322278 | ||